000 00712nam a22002297a 4500
005 20250819103752.0
008 250819b |||||||| |||| 00| 0 eng d
020 _a978-93-83282-03-6 (hbk)
037 _cTB
040 _aAL
_cAL
041 _2URD
_aURD
084 _aO168,3N12:g Q3
_bAL
100 _aFarooqi, Shamsurrehman
245 _aHamare liye Manto sahab
260 _aDelhi, India:
_bM.R. Publications,
_c2015.
300 _a120p.
365 _b195.00
_cINR
650 _aUrdu Literature
650 _aUrdu Fiction
_93298
942 _2CC
_cTB
_hO168,3N12:g Q3
_n0
999 _c1434796
_d1434796